miasta województwa kujawsko - pomorskiego - Statystyki

Ogólne statystyki
  • Ten quiz został rozwiązany 481 razy
    266 od ostatniego zresetowania
  • Średni wynik to 33 z 56
Statystyki odpowiedzi
Pierwsza litera Miasto % Poprawnych
B Bydgoszcz
97%
T Toruń
90%
G Grudziądz
88%
W Włocławek
87%
I Inowrocław
86%
A Aleksandrów Kujawski
85%
C Chełmno
84%
B Brodnica
78%
Ś Świecie
75%
C Ciechocinek
74%
Ż Żnin
72%
C Chełmża
70%
M Mogilno
70%
G Golub-Dobrzyń
69%
L Lipno
69%
N Nakło nad Notecią
69%
T Tuchola
69%
R Rypin
68%
S Solec Kujawski
67%
K Koronowo
65%
W Wąbrzeźno
65%
K Kowal
62%
R Radziejów
62%
S Sępólno Krajeńskie
60%
J Janikowo
58%
K Kruszwica
57%
J Jabłonowo Pomorskie
55%
D Dobrzyń nad Wisłą
54%
Ł Łabiszyn
54%
P Pakość
54%
I Izbica Kujawska
53%
N Nowe
53%
W Więcbork
53%
B Barcin
52%
K Kowalewo Pomorskie
52%
M Mrocza
52%
B Brześć Kujawski
51%
K Kcynia
51%
Ł Łasin
51%
S Skępe
48%
S Strzelno
48%
S Szubin
48%
P Piotrków Kujawski
47%
R Radzyń Chełmiński
47%
K Kamień Krajeński
45%
L Lubraniec
45%
N Nieszawa
45%
G Gniewkowo
44%
J Janowiec Wielkopolski
43%
C Chodecz
41%
G Górzno
40%
K Kikół
39%
L Lubień Kujawski
39%
P Pruszcz
39%
B Bobrowniki
37%
G Gąsawa
33%
Nie znaleziono quizów pasujących do podanych kryteriów
Rozkład punktacji
Procent ludzi z każdym wynikiem
Percentyl według liczby udzielonych odpowiedzi
Twoja historia wyników
Nie rozwiązałeś tego quizu od ostatniego zresetowania